00803nam a2200229 a 4500999001500000001000600015003000900021005001700030008004100047040003800088082002400126245006800150260007200218300002200290362001200312505001100324546002500335650002100360710005400381942001200435952012600447 c1397d139710987BD-DhUAP20210120152320.0200206s2007 bg l f001 0 eng d aBD-DhUAPcBD-DhUAPdBD-DhUAPbEng00a348.5492022 BAN22314aThe Bangladesh code :bact No. IV of 1899 to act No. V of 1908. aDhaka :bMinistry of Law, Justice and Parliamentary Affairs,c2007. avolumes ;c24 cm.0 aVol. IX aV. 5-- aEnglish and Bengali. 0aLawzBangladesh. aGovernment of the peoples republic of Bangladesh. 2ddccBK 00102ddc4070aUAPCLbUAPCLcGeneral Stacksd2020-02-06o348.5492022 BAN V-5p3010010987r2020-02-06t1w2020-02-06yBK